| 000 | 01179nam0a22003011 4500 | ||
|---|---|---|---|
| 001 | RU\NLR\A1SV\148049 | ||
| 005 | 20251203171251.9 | ||
| 035 | _a(NLR Aleph) 011511908 | ||
| 090 |
_a12051448 _c12051448 |
||
| 100 | _a20171031d1922 u y0rusy50 ca | ||
| 101 | 0 | _arus | |
| 102 | _aRU | ||
| 200 | 1 |
_aЕстественно-исторический очерк Запорожского и Гуляйпольского уездов _e(С карт.) _fД.В.Соколов, адъюнкт-геолог Геол. ком. |
|
| 210 |
_aЗапорожье _d1922 |
||
| 215 |
_a53 с. _d26 см |
||
| 225 |
_aЕстеств.-ист. описание Запорож. губ. _fЦСУ Украины. Запорож. губ. стат. бюро _vВып.1 |
||
| 300 | _aТит. л. также на фр. яз. | ||
| 620 | _dЗапорожье | ||
| 700 | 1 |
_aСоколов _bД. В. _cд-р геол.-минерал. наук _f1884-1950 _gДмитрий Владимирович _9218596 _3RU\NLR\AUTH\770218652 |
|
| 801 | 0 |
_aRU _bNLR _c20171031 |
|
| 899 | _aРГБ | ||
| 899 | _aМГУ | ||
| 899 | _aРГБ | ||
| 899 | _aМГУ | ||
| 942 | _cBOOK | ||
| 980 | _aNB | ||
| 980 | _aA1SV | ||